Study of the gas driven water rivulet flow regimes in the minichannels; MATEC Web of Conferences; Vol. 92 : Thermophysical Basis of Energy Technologies (TBET-2016)
| Parent link: | MATEC Web of Conferences Vol. 92 : Thermophysical Basis of Energy Technologies (TBET-2016).— 2017.— [01027, 5 p.] |
|---|---|
| Автор: | |
| Співавтор: | |
| Інші автори: | |
| Резюме: | Title screen The paper deals with the experimental study of the gas (nitrogen) driven rivulet flow regimes of water outflowing from the nozzle with a width of 10 mm into minichannel with the height of 1.6±0.02 mm and a width of 30 mm. The authors revealed a new flow regime - namely "rivulet bridge" whose occurrence is attributed to the influence of relatively large static wetting angle of water on the flow regimes. The paper presents a map of the various rivulet flow regimes characterized by different surface geometry and types of surface deformations. |
| Мова: | Англійська |
| Опубліковано: |
2017
|
| Предмети: | |
| Онлайн доступ: | http://dx.doi.org/10.1051/matecconf/20179201027 http://earchive.tpu.ru/handle/11683/36684 |
| Формат: | Електронний ресурс Частина з книги |
| KOHA link: | https://koha.lib.tpu.ru/cgi-bin/koha/opac-detail.pl?biblionumber=652971 |
MARC
| LEADER | 00000nla2a2200000 4500 | ||
|---|---|---|---|
| 001 | 652971 | ||
| 005 | 20231101134739.0 | ||
| 035 | |a (RuTPU)RU\TPU\network\18342 | ||
| 035 | |a RU\TPU\network\18339 | ||
| 090 | |a 652971 | ||
| 100 | |a 20170202a2017 k y0engy50 ba | ||
| 101 | 0 | |a eng | |
| 105 | |a y z 100zy | ||
| 135 | |a drcn ---uucaa | ||
| 181 | 0 | |a i | |
| 182 | 0 | |a b | |
| 200 | 1 | |a Study of the gas driven water rivulet flow regimes in the minichannels |f O. Svetlichnaya, V. Cheverda | |
| 203 | |a Text |c electronic | ||
| 300 | |a Title screen | ||
| 320 | |a [References: 8 tit.] | ||
| 330 | |a The paper deals with the experimental study of the gas (nitrogen) driven rivulet flow regimes of water outflowing from the nozzle with a width of 10 mm into minichannel with the height of 1.6±0.02 mm and a width of 30 mm. The authors revealed a new flow regime - namely "rivulet bridge" whose occurrence is attributed to the influence of relatively large static wetting angle of water on the flow regimes. The paper presents a map of the various rivulet flow regimes characterized by different surface geometry and types of surface deformations. | ||
| 461 | 0 | |0 (RuTPU)RU\TPU\network\4526 |t MATEC Web of Conferences | |
| 463 | 0 | |0 (RuTPU)RU\TPU\network\18128 |t Vol. 92 : Thermophysical Basis of Energy Technologies (TBET-2016) |o Proceedings of the Conference, October 26-28, 2016, Tomsk, Russia |f National Research Tomsk Polytechnic University (TPU) ; eds. G. V. Kuznetsov ; P. A. Strizhak ; A. O. Zhdanova |v [01027, 5 p.] |d 2017 | |
| 610 | 1 | |a электронный ресурс | |
| 610 | 1 | |a труды учёных ТПУ | |
| 610 | 1 | |a газы | |
| 610 | 1 | |a воды | |
| 610 | 1 | |a течения | |
| 610 | 1 | |a потоки | |
| 610 | 1 | |a поверхности | |
| 610 | 1 | |a деформации | |
| 610 | 1 | |a системы охлаждения | |
| 700 | 1 | |a Svetlichnaya |b O. |g Olga | |
| 701 | 1 | |a Cheverda |b V. |g Vyacheslav | |
| 712 | 0 | 2 | |a Национальный исследовательский Томский политехнический университет (ТПУ) |c (2009- ) |2 stltpush |3 (RuTPU)RU\TPU\col\15902 |
| 801 | 2 | |a RU |b 63413507 |c 20170213 |g RCR | |
| 856 | 4 | |u http://dx.doi.org/10.1051/matecconf/20179201027 | |
| 856 | 4 | |u http://earchive.tpu.ru/handle/11683/36684 | |
| 942 | |c CF | ||